Europaweit diversifizierte Aktienportfolios. <Eine> empirische Untersuchung ... dissertation der Hochschule St. Gallen ...
Uložené v:
| Hlavný autor: | |
|---|---|
| Médium: | Kniha |
| Jazyk: | German |
| Vydavateľské údaje: |
Bern
Verlag Paul Haupt
1992
|
| Predmet: | |
| Tagy: |
Žiadne tagy, Buďte prvý, kto otaguje tento záznam!
|
MARC
| LEADER | 00000nam a2200000 4500 | ||
|---|---|---|---|
| 001 | c105666 | ||
| 005 | 20250509094233.0 | ||
| 020 | |a 3-258-04688-3 | ||
| 041 | 0 | |a ger | |
| 044 | |a CH | ||
| 245 | 1 | 0 | |a Europaweit diversifizierte Aktienportfolios. <Eine> empirische Untersuchung ... |b dissertation der Hochschule St. Gallen ... |c Martin Drummen |
| 264 | 1 | |a Bern |b Verlag Paul Haupt |c 1992 | |
| 300 | |a 221 s. | ||
| 610 | 2 | 0 | |a akcie |
| 610 | 2 | 0 | |a rendita |
| 610 | 2 | 0 | |a papiere cenné |
| 610 | 2 | 0 | |a burzy |
| 610 | 2 | 0 | |a trh |
| 610 | 2 | 0 | |a trh peňažný |
| 610 | 2 | 0 | |a obchod |
| 610 | 2 | 0 | |a portfólio |
| 610 | 2 | 0 | |a diverzifikácia |
| 610 | 2 | 0 | |a investície |
| 610 | 2 | 0 | |a fondy investičné |
| 610 | 2 | 0 | |a výskum |
| 610 | 2 | 0 | |a investori |
| 610 | 2 | 0 | |a analýza štatistická |
| 610 | 2 | 0 | |a modely |
| 610 | 2 | 0 | |a riziko kurzové |
| 610 | 2 | 0 | |a mena |
| 610 | 2 | 0 | |a zákony |
| 610 | 2 | 0 | |a zdaňovanie |
| 610 | 2 | 0 | |a benchmarking |
| 610 | 2 | 0 | |a efektívnosť ekonomická |
| 610 | 2 | 0 | |a Európa |
| 610 | 2 | 0 | |a Európske spoločenstvá |
| 610 | 2 | 0 | |a Švajčiarsko |
| 100 | 1 | |a Drummen, Martin | |